000 00797nam a22002057a 4500
999 _c2420
_d2420
003 AR-CdUCM
008 190304b ||||| |||| 00| 0 spa d
040 _aMUNICIPALIDAD PROVINCIAL DEL CUSCO
_cBIBLIOTECA MUNICIPAL DEL CUSCO
082 _a332.6 /
_bS69
100 _aSosa de la Cruz, Clifor Daniel
_98689
245 _aComo elaborar un proyecto de inversión turística /
260 _aLima :
_bSan Marcos,
_c1996.
300 _a226 paginas ;
_c21 cm.
505 _aContenido :Proyectos de inversión -- Estudio de américa --Estudio administrativo y legal -- Estudio económico financiero -- Estudio técnico -- Costo del capital ...
650 _aProyectos de desarrollo
_94264
650 _aTurismo nacional
_98690
650 _aObras publicas
_98691
942 _2ddc
_cLIBROS
945 _arum